Can you name the characters from the 'Star Wars' movies? - Statistics

General Stats
  • This quiz has been taken 2,021 times
  • The average score is 10 of 15
Answer Stats
Hint Answer % Correct
Mark Hamill Luke Skywalker
99%
Harrison Ford Han Solo
98%
Alec Guinness/Ewan McGregor Obi-Wan Kenobi
93%
David Prowse/James Earl Jones Darth Vader
90%
Jake Lloyd/Hayden Christensen Anakin Skywalker
88%
Carrie Fisher Princess Leia
84%
Anthony Daniels C-3PO
80%
Kenny Baker R2-D2
80%
Peter Mayhew Chewbacca
74%
Frank Oz Yoda
70%
Billy Dee Williams Lando Calrissian
54%
Jeremy Bulloch/Daniel Logan Boba Fett
38%
Larry Ward Jabba the Hutt
29%
Denis Lawson/Colin Higgins Wedge Antilles
21%
Timothy Rose Admiral Ackbar
18%
No matching quizzes found
Score Distribution
Percent of People with Each Score
Percentile by Number Answered
Your Score History
You have not taken this quiz